| 000 | 01110cam a22003135i 4500 | ||
|---|---|---|---|
| 001 | 18380363 | ||
| 003 | EG-ScBUE | ||
| 005 | 20230220051740.0 | ||
| 008 | 141120s2016 enka f b 001 0 eng d | ||
| 020 | _a9781408203842 | ||
| 040 |
_aDLC _beng _erda _cDLC _dDLC _dEG-ScBUE |
||
| 082 | 0 | 4 |
_a770 _222 _bSMI |
| 100 | 1 |
_aSmith, Peter, _d1946 December 26- _eauthor. |
|
| 245 | 1 | 0 |
_aRethinking photography : _bhistories, theories, and education / _cPeter Smith and Carolyn Lefley. |
| 264 | 1 |
_aOxon ; _aNew York : _bRoutledge / Taylor & Francis Group, _c2016. |
|
| 300 |
_axx, 374 pages : _billustrations ; _c26 cm |
||
| 336 |
_2rdacontent _atext _btxt |
||
| 337 |
_2rdamedia _aunmediated _bn |
||
| 338 |
_2rdacarrier _avolume _bnc |
||
| 504 | _aIncludes bibliographical references and index. | ||
| 650 | 7 |
_aPhotography _xPhilosophy _xHistory. _2BUEsh |
|
| 650 | 7 |
_aPhotography _xSocial aspects _xHistory. _2BUEsh |
|
| 650 | 7 |
_aPhotography _xStudy and teaching. _2BUEsh |
|
| 651 | _2BUEsh | ||
| 653 |
_bCOMAME _cDecember2016 |
||
| 655 | _vReading book | ||
| 700 | 1 |
_aLefley, Carolyn, _d1978- _eauthor. |
|
| 942 |
_2ddc _cBB |
||
| 999 |
_c23548 _d23520 |
||